La opción-Tierra : la solución para la Tierra no cae del cielo /

Con las amenazas globales que acontecen en nuestro planeta desde que se habla de calentamiento global, de la pérdida de biodiversidad y desde un mundo económico contrastante entre ricos y pobres, el teólogo brasileño Leonard Boff, aborda el problema como una reconciliación doméstica tomando la Tierr...

Descrición completa

Gardado en:
Detalles Bibliográficos
Autor Principal: Boff, Leonardo (autor)
Formato: Libro
Idioma:Lingua castelá
Series:(El Pozo de Siquem ; 225)
Temas:
Etiquetas: Engadir etiqueta
Sen Etiquetas, Sexa o primeiro en etiquetar este rexistro!

MARC

LEADER 00000nam^a2200000^a^4500
001 000290453
005 20250521000000.0
009 20260310112009.922
020 |a 978-84-293-1762-6 
037 |a Acervo ITESO - Biblioteca 
041 |a ESP 
082 |a 304. 2  |b BOF 
100 |a Boff, Leonardo  |e (autor) 
245 1 3 |a La opción-Tierra :  |b la solución para la Tierra no cae del cielo /  |c L. Boff ; tr. por Jesús García-Abril. 
264 |a Maliaño, España :  |b Sal Terrae,  |c 2008 
300 |a 223 p. 
336 |a texto  |b txt  |2 rdacontenido 
337 |a sin mediación  |b n  |2 rdamedio 
338 |a volumen  |b nc  |2 rdasoporte 
440 3 |a (El Pozo de Siquem ;  |v 225) 
500 |a Traducción de: A solução para a Terra não cai do Céu 
520 |a Con las amenazas globales que acontecen en nuestro planeta desde que se habla de calentamiento global, de la pérdida de biodiversidad y desde un mundo económico contrastante entre ricos y pobres, el teólogo brasileño Leonard Boff, aborda el problema como una reconciliación doméstica tomando la Tierra como casa de todos y cuya solución parte de una acuerdo de fuerzas que incluyan valores éticos, fines humanísticos y un nuevo sentido que no nos llega de fuera. 
649 |a XX 
650 |a Cambio Climático 
650 |a Conservación y Protección Ambiental 
650 |a Medio Ambiente -  |x Aspectos Eticos -  |x Tema Principal 
650 |a Bioética -  |x Tema Principal 
650 |a Problemas Sociales 
650 |a Ecología Social 
910 |a Fondo General 
920 |a Impresos - Libros 
930 |a Colección General 
905 |a 101 
901 |a 0500177401  |b IT1  |c ACC  |u 20250521 
902 |a https://opac.biblio.iteso.mx/vufind/Record/000290453